Informe sobre la situación de los derechos humanos en Haití

Guardat en:
Dades bibliogràfiques
Autor corporatiu: OEA (Autor)
Format: Llibre
Idioma:espanyol
Publicat: Washington, D.C O.E.A. Secretaría General 1988
Matèries:
Etiquetes: Afegir etiqueta
Sense etiquetes, Sigues el primer a etiquetar aquest registre!

MARC

LEADER 00000nam a2200000 a 4500
001 UCV0887
003 CL-VaPUC
008 890621e19880000US |||||||||||||||||spa|d
082 0 4 |a 323.4  |b OEA  |2 21 
110 2 |a OEA  |e author  |9 295228 
245 1 0 |a Informe sobre la situación de los derechos humanos en Haití 
300 |a 218 p 
942 |c BK 
945 |d 19890621 00:00:00 
260 |a Washington, D.C  |b O.E.A. Secretaría General  |c 1988 
650 0 |a Derechos humanos  |9 223025 
651 7 |a HAITI  |2 CL-VaPUC  |9 255724 
583 |a last modification  |c 19890621 00:00:00  |k Rodrigo Vera 
999 |c 209078  |d 209076 
952 |0 0  |1 0  |4 0  |6 323_400000000000000_OEA_1988  |7 0  |8 A  |9 184217  |a BIBDER  |b BIBDER  |d 2019-11-14  |i 251365K  |o 323.4 OEA 1988  |p 251365K  |r 2023-01-25  |w 2019-11-14  |y BK  |k DER